Game of Thrones - Character Scramble - Statistics

General Stats
  • This quiz has been taken 92 times
  • The average score is 9 of 15
Answer Stats
Hint Answer % Correct
horja jorah
89%
isrece cersei
84%
ryetp petyr
81%
aseh shae
76%
dorasn sandor
69%
nkiroc rickon
67%
nirtyo tyrion
67%
rddead eddard
66%
jjneo jojen
59%
soroe roose
59%
reppy pyper
43%
naloen olenna
41%
iemrayn nymeria
31%
walmesl samwell
24%
ylemralc myrcella
16%
No matching quizzes found
Score Distribution
Percent of People with Each Score
Percentile by Number Answered
Your Score History
You have not taken this quiz